[Event "Bay Area Open 2019"]
[Site "Burlingame"]
[Date "2019.01.05"]
[Round "6"]
[White "Boros, Denes"]
[Black "Stukopin, Andrey"]
[Result "0-1"]
[WhiteElo "2442"]
[BlackElo "2565"]
[Annotator "ChessBase"]
[PlyCount "90"]
[EventDate "2019.01.01"]
[EventType "swiss"]
[EventCountry "USA"]
[SourceTitle "playchess.com"]
[Source "ChessBase"]
[SourceQuality "1"]
[TimeControl "40/5400+30:1800+30"]

1. d4 {[%emt 0:03:14]} Nf6 {[%emt 0:01:50]} 2. c4 {[%emt 0:00:40]} e6 {[%emt 0:01:13]} 3. Nf3 {[%emt 0:01:01]} d5 {[%emt 0:00:05]} 4. g3 {[%emt 0:00:10]} Bb4+ {[%emt 0:00:23]} 5. Bd2 {[%emt 0:00:09]} Be7 {[%emt 0:00:07]} 6. Bg2 {[%emt 0:00:09]} c6 {[%emt 0:00:06]} 7. Qc2 {[%emt 0:00:29]} Nbd7 {[%emt 0:00:05]} 8. a4 {[%emt 0:00:49]} a5 {[%emt 0:09:08]} 9. O-O {[%emt 0:00:33]} O-O {[%emt 0:04:13]} 10. Rc1 {[%emt 0:02:37]} Ne4 {[%emt 0:11:45]} 11. Be1 {[%emt 0:02:39]} f5 {[%emt 0:00:14]} 12. e3 {[%emt 0:02:22]} Kh8 {[%emt 0:03:17]} 13. Nbd2 {[%emt 0:01:00]} Bd6 {[%emt 0:01:35]} 14. Qd1 {[%emt 0:04:28]} Qe7 {[%emt 0:13:31]} 15. Nb3 {[%emt 0:05:42]} Bc7 {[%emt 0:03:35]} 16. Nfd2 {[%emt 0:06:03]} Ndf6 {[%emt 0:00:41]} 17. Nf3 {[%emt 0:02:42]} g5 {[%emt 0:04:22]} 18. Ne5 {[%emt 0:02:31]} g4 {[%emt 0:00:06]} 19. Nd2 {[%emt 0:00:35]} Ng5 {[%emt 0:04:41]} 20. Rab1 {[%emt 0:08:06]} Bd7 {[%emt 0:04:37]} 21. Qb3 {[%emt 0:06:52]} Rfb8 {[%emt 0:06:31]} 22. Qc2 {[%emt 0:07:46]} Nf7 {[%emt 0:01:39]} 23. f4 {[%emt 0:10:34]} gxf3 {[%emt 0:02:01]} 24. Ndxf3 {[%emt 0:00:16]} Ng4 {[%emt 0:01:18]} 25. Nxd7 {[%emt 0:05:37]} Qxd7 {[%emt 0:00:06]} 26. Qe2 {[%emt 0:00:42]} Bd6 {[%emt 0:02:11]} 27. Bc3 {[%emt 0:00:22]} Qe7 {[%emt 0:02:22]} 28. Bh3 {[%emt 0:03:00]} Rg8 {[%emt 0:01:29]} 29. Bxg4 {[%emt 0:00:30]} Rxg4 {[%emt 0:01:49]} 30. Kh1 {[%emt 0:00:41]} Ng5 {[%emt 0:01:06]} 31. cxd5 {[%emt 0:01:03]} exd5 {[%emt 0:09:27]} 32. Ne5 {[%emt 0:01:30]} Bxe5 {[%emt 0:00:05]} 33. dxe5 {[%emt 0:00:03]} Ne4 {[%emt 0:00:04]} 34. Rf1 {[%emt 0:01:15]} Rxg3 {[%emt 0:01:40]} 35. Rxf5 {[%emt 0:04:18]} Rag8 {[%emt 0:00:19]} 36. e6+ {[%emt 0:01:39]} Nxc3 {[%emt 0:00:12]} 37. bxc3 {[%emt 0:00:12]} Qxe6 {[%emt 0:00:33]} 38. Qd3 {[%emt 0:01:59]} R3g7 {[%emt 0:05:36]} 39. Rf4 {[%emt 0:02:04]} Qh3 {[%emt 0:01:10]} 40. Qd2 {[%emt 0:00:02]} c5 {[%emt 0:00:57]} 41. Qxd5 {[%emt 0:32:28]} Qxe3 {[%emt 0:30:08]} 42. Rff1 {[%emt 0:00:12]} Rg5 {[%emt 0:00:00]} 43. Rbe1 {[%emt 0:00:00]} Qxc3 {[%emt 0:00:00]} 44. Qxb7 {[%emt 0:00:00]} Qd2 {[%emt 0:00:00]} 45. Qf3 {[%emt 0:00:00]} Rf5 {[%emt 0:00:00]} 0-1

[Event "Bay Area Open 2019"]
[Site "Burlingame"]
[Date "2019.01.05"]
[Round "6"]
[White "Ynojosa Aponte, Felix Jose"]
[Black "Gabuzyan, Hovhannes"]
[Result "0-1"]
[WhiteElo "2368"]
[BlackElo "2605"]
[Annotator "TA"]
[PlyCount "80"]
[EventDate "2019.01.01"]
[EventType "swiss"]
[EventCountry "USA"]
[SourceTitle "playchess.com"]
[Source "ChessBase"]
[SourceQuality "1"]

{[%evp 9,80,42,77,56,62,62,57,34,69,28,28,28,27,5,32,-4,-6,-2,-6,0,0,-16,-16,-16,0,-22,-11,-16,-16,-35,-28,-31,-39,-43,-44,-54,-8,-60,-12,-93,-102,-112,-136,-169,-179,-188,-181,-183,-181,-179,-196,-187,-184,-225,-237,-289,-273,-295,-279,-287,-283,-282,-247,-627,-639,-577,-596,-737,-762,-1310,-1309,-5497,-805]} 1. e4 g6 2. d4 Bg7 3. c3 d6 {[%cal Bd7d6,Bd6d5][%mdl 32]} 4. f4 d5 5. e5 h5 {LiveBook: 3 Games} 6. Nd2 $146 {B06: Modern Defence} ({Predecessor:} 6. Na3 Nh6 7. Nf3 a6 8. Nc2 Nc6 9. Ne3 Ng4 10. Be2 Nxe3 11. Bxe3 Bg4 12. O-O e6 {½-½ (76) Pastircak,M (2361)-Holemar,D (2280) Czech Republic 2017}) 6... Nh6 7. Ndf3 Bf5 8. Bd3 {White is slightly better.} Nd7 9. Ne2 e6 10. Be3 Bf8 11. h3 c5 12. O-O (12. dxc5 {feels hotter.} Bxc5 13. Ned4 Rc8 14. Be2 Be4 15. O-O) 12... c4 13. Bxf5 Nxf5 14. Bf2 h4 15. Nh2 Be7 16. Ng4 b5 17. Kh1 Rb8 18. Ng1 b4 19. cxb4 Rxb4 20. b3 $1 cxb3 21. axb3 Qb6 22. Nf3 Nb8 23. Rb1 (23. Rc1 $11) 23... Nc6 24. Ne3 (24. Nf6+ $11 Bxf6 25. exf6) 24... Ng3+ $17 25. Bxg3 hxg3 26. Ng4 Nxd4 27. Nxd4 Qxd4 ({Don't take} 27... Rxd4 28. Qf3 $17) 28. Qf3 Bh4 29. Rbd1 Qb6 30. Rd3 Kf8 31. Qd1 Kg7 32. Ne3 Re4 33. Nc2 Rc8 34. Nd4 a5 35. Ne2 Re3 36. Rf3 $2 (36. Nd4 Rc3 37. Rxc3 Rxc3 38. Qg4 Qxd4 39. Qxh4) 36... Rxf3 $19 {Black is clearly winning.} 37. Rxf3 {[#]} a4 $1 {[%mdl 512]} 38. bxa4 Qb2 39. Rf1 Rc2 40. Nxg3 Bxg3 {Accuracy: White = 29%, Black = 69%.} (40... Rxg2 $142 41. Nh5+ gxh5) 0-1

[Event "Bay Area Open 2019"]
[Site "Burlingame"]
[Date "2019.01.06"]
[Round "8"]
[White "Le, Quang Liem"]
[Black "Dragun, Kamil"]
[Result "1-0"]
[WhiteElo "2714"]
[BlackElo "2578"]
[Annotator "TA"]
[PlyCount "81"]
[EventDate "2019.01.01"]
[EventType "swiss"]
[EventCountry "USA"]
[SourceTitle "playchess.com"]
[Source "ChessBase"]
[SourceQuality "1"]

{[%evp 15,81,28,44,7,22,22,32,-8,26,26,23,18,40,36,41,41,39,38,48,37,50,43,41,46,61,45,46,34,64,39,62,37,45,34,42,58,56,61,62,67,81,77,83,71,83,93,162,145,151,146,160,158,198,192,284,256,256,256,256,250,248,247,434,436,430,403,653,636]} 1. c4 e6 2. Nc3 d5 3. d4 Bb4 4. a3 Bxc3+ 5. bxc3 c5 6. e3 Nf6 7. cxd5 Qxd5 {E26: Nimzo-Indian: Sämisch: 5...c5 6 e3} (7... exd5 8. Bd3 O-O 9. Ne2 b6 10. O-O Ba6 11. f3 Re8 12. Ng3 Bxd3 13. Qxd3 Nc6 14. Bb2 h5 15. Rae1 h4 16. Nf5 h3 17. gxh3 Ne7 18. dxc5 bxc5 19. c4 dxc4 20. Nxe7+ Qxe7 21. Qxc4 Rab8 22. Rf2 {0-1 (40) Navara,D (2740)-Alekseev,E (2616) Katowice 2017}) 8. Nf3 O-O {LiveBook: 6 Games} 9. Be2 Nc6 {The position is equal.} 10. O-O b6 11. Bd3 $146 ({Predecessor:} 11. Bb2 cxd4 12. cxd4 Bb7 13. Rc1 Rac8 14. Bc4 Qd6 15. Qe2 {½-½ (50) Alonso Rosell,A (2485)-Lovik,L (2298) Porto Carras 2010}) 11... Bb7 12. e4 Qh5 ({Much worse is} 12... Nxe4 $6 13. c4 $16) 13. h3 Na5 14. Re1 Rac8 15. Rb1 h6 16. Qe2 Nd7 17. Bf4 Rfe8 18. Bb5 Bc6 19. Ba6 Rcd8 20. Bc7 Ra8 21. Bg3 Rad8 22. Bd3 Rc8 23. Qe3 f6 24. Nd2 Qf7 25. Rbc1 $36 {[%mdl 2048] White has some pressure.} Qe7 26. Nc4 Nxc4 27. Bxc4 b5 28. Be2 a6 29. a4 c4 30. axb5 Bxb5 (30... axb5 $16 31. Bh5 Red8) 31. Bh5 $18 Red8 32. Ra1 Nf8 33. f4 Nd7 34. Bh4 Nb6 (34... Kh8 $142 35. Rf1 Rf8) 35. Qg3 Qf8 36. e5 f5 37. Bxd8 Qxd8 38. Qg6 Qd7 $2 (38... Qe7) 39. g4 Qd5 {[#] White must now prevent ...Be8.} 40. gxf5 {And now f6 would win.} exf5 (40... Be8 $142) 41. Re3 {Accuracy: White = 69%, Black = 52%.} 1-0

[Event "Bay Area Open 2019"]
[Site "Burlingame"]
[Date "2019.01.06"]
[Round "8"]
[White "Bruzon Batista, Lazaro"]
[Black "Balakrishnan, Praveen"]
[Result "1-0"]
[WhiteElo "2664"]
[BlackElo "2418"]
[Annotator "TA"]
[PlyCount "61"]
[EventDate "2019.01.01"]
[EventType "swiss"]
[EventCountry "USA"]
[SourceTitle "playchess.com"]
[Source "ChessBase"]
[SourceQuality "1"]

{[%evp 14,61,16,13,19,12,56,54,108,95,151,131,137,154,126,130,120,127,143,106,111,79,122,126,120,94,97,45,95,51,51,43,117,108,120,105,110,95,103,71,89,89,183,157,438,431,543,571,552,539]} 1. d4 Nf6 2. Nf3 d5 {[%cal Bd7d5,Bd5d4][%mdl 32]} 3. c4 e6 4. Nc3 Be7 5. Qc2 c5 6. dxc5 d4 {D37: Queen's Gambit Declined: 5 Bf4} 7. Nb5 Bxc5 (7... e5 8. Nxe5 a6 9. Na3 Bxc5 10. Nd3 O-O 11. Nxc5 Qa5+ 12. Bd2 Qxc5 13. e3 Nc6 14. Bd3 {1-0 (50) Le,Q (2737)-Sargissian,G (2672) Riadh 2017}) 8. Bf4 {LiveBook: 3 Games. Threatens to win with Nc7+.} O-O {The position is equal.} 9. O-O-O $1 a6 $146 ({Predecessor:} 9... Qa5 10. a3 Nc6 11. b4 Bxb4 12. axb4 Nxb4 13. Bd2 e5 14. Nxe5 Nfd5 15. cxd5 {1-0 (25) Eingorn,V (2560)-Vaganian,R (2625) Moscow 1988}) 10. Nbxd4 Bxd4 (10... Nbd7 $14) 11. Nxd4 Qe7 (11... Qa5 $142) 12. Nf3 $16 {Hoping for Bd6.} Rd8 13. Rxd8+ Qxd8 14. e4 {[%cal Be2e4,Be4e5][%mdl 32]} Nc6 15. e5 Nd7 16. a3 Qc7 17. Kb1 h6 18. Be2 b6 19. Rd1 Bb7 20. Qc3 ({Better is} 20. Rd6 $16) 20... Rc8 21. Qe3 Na5 22. Rc1 $36 {[%mdl 2048] White has some pressure.} Nc6 (22... g5 $14) 23. h4 Ne7 24. Nd4 Ng6 {[#]} 25. Bg3 $1 Ngxe5 26. Nf3 (26. Bf4 {is interesting.} a5 27. Qg3 Kh8 28. Rd1 Ba6 29. b3) 26... Bxf3 27. gxf3 {[%cal Bg2f3,Bf3f4][%mdl 32]} Qc5 (27... Re8 $16) 28. Rd1 $18 f6 $2 (28... Rc7 $16 29. b4 Qxe3 30. fxe3 f6) 29. f4 {White is clearly winning.} Nxc4 30. Qxe6+ {[%mdl 64] [#] Double Attack} Kh8 31. Qxc4 {Accuracy: White = 67%, Black = 36%.} ({Weaker is} 31. Qxd7 Nxa3+ 32. Ka2 Nc2 $16) 1-0

[Event "Bay Area Open 2019"]
[Site "Burlingame"]
[Date "2019.01.06"]
[Round "8"]
[White "Negi, Parimarjan"]
[Black "Katz, Alexander"]
[Result "1-0"]
[WhiteElo "2656"]
[BlackElo "2433"]
[Annotator "TA"]
[PlyCount "108"]
[EventDate "2019.01.01"]
[EventType "swiss"]
[EventCountry "USA"]
[SourceTitle "playchess.com"]
[Source "ChessBase"]
[SourceQuality "1"]

{[%evp 25,108,21,50,-47,0,0,37,40,34,32,32,25,25,25,25,18,32,33,38,25,27,34,24,23,14,5,26,23,61,61,68,68,88,88,88,68,88,88,88,88,88,88,88,88,88,72,72,50,57,40,40,15,108,108,100,91,111,81,251,260,265,255,178,170,346,360,370,366,335,358,349,327,479,426,489,485,577,560,534,519,597,587,803,800,696]} 1. e4 c5 2. Nf3 Nc6 3. Nc3 g6 4. d4 cxd4 5. Nxd4 Bg7 6. Be3 Nf6 7. Nb3 O-O 8. Be2 d6 9. f4 Be6 10. O-O a5 11. a4 Rc8 12. Kh1 {B74: Sicilian Dragon: Classical System with 9 Nb3} Nb4 (12... Bxb3 13. cxb3 Nd7 14. Bc4 Nb4 15. Qe2 Nb6 16. Nd5 N4xd5 17. exd5 Nd7 18. Rae1 Nc5 19. f5 Nd7 {1-0 (72) Tiviakov,S (2674)-Colovic,A (2441) Benidorm 2009}) 13. Nd4 Bc4 {LiveBook: 6 Games} 14. Bd3 (14. Bxc4 $14 Rxc4 15. Qe2) 14... Bxd3 $146 ({Predecessor:} 14... e5 15. Ndb5 Bxd3 16. cxd3 Nh5 17. f5 d5 18. fxg6 hxg6 19. Bf2 d4 {0-1 (35) Tantau,A (2250)-Gheng,J (2350) Miercurea Ciuc 1998}) 15. cxd3 {[%cal Bc2d3,Bd3d4][%mdl 32]} Nd7 16. Ndb5 d5 17. e5 Nc5 18. Bxc5 Rxc5 19. d4 Rc6 20. Qe2 Qd7 21. Rae1 Qf5 22. g4 Qc2 $1 23. Qxc2 Nxc2 24. Re2 $36 {[%mdl 2048] White is pushing.} Nb4 25. f5 Bh6 26. h4 {[%cal Bh2h4,Bh4h5][%mdl 32] Black must now prevent g5.} g5 27. h5 Bg7 28. Ref2 h6 29. Kg2 Rd8 30. Kf3 Rc4 31. b3 Rc6 32. Ke2 Rdc8 33. Kd2 Ra8 34. Rc1 Bf8 35. Rff1 Rd8 36. Ne2 (36. Rg1 {keeps more tension.} Bg7 37. Rgd1 Ra8 38. Ke2 Bf8 39. Rg1) 36... Rdc8 37. Rxc6 (37. Nbc3 {seems wilder.} Bg7 38. Ke3 Bf8 39. Rfd1 Ra8 40. Re1) 37... bxc6 38. Rc1 Rb8 (38... Ra8 $1 $11 {remains equal.}) 39. Na7 $16 Rb6 40. f6 exf6 41. exf6 Rb7 $2 {[#]} (41... Kh7 $16) 42. Nxc6 $18 Nxc6 43. Rxc6 Rxb3 {[%mdl 4096] Endgame KRB-KRN} 44. Rc8 {aiming for Nc3.} Rf3 $2 (44... Rh3 {was worth a try.} 45. Nc3 Rh2+ 46. Kd1 Rh1+ 47. Kc2 Rh2+ 48. Kb3 Rh3) 45. Nc3 Rf2+ 46. Ke3 Rxf6 47. Nxd5 Re6+ 48. Kd3 f6 (48... f5 {was necessary.} 49. gxf5 Ra6) 49. Ra8 {White is clearly winning.} Re1 50. Rxa5 Kf7 51. Ra7+ Ke6 52. Ne3 Ba3 53. a5 Bc1 54. Nf5 {[#] Threatening mate with Re7+.} Kd5 {Accuracy: White = 73%, Black = 50%.} 1-0

[Event "Bay Area Open 2019"]
[Site "Burlingame"]
[Date "2019.01.06"]
[Round "8"]
[White "Swiercz, Dariusz"]
[Black "Macieja, Bartlomiej"]
[Result "1/2-1/2"]
[WhiteElo "2649"]
[BlackElo "2509"]
[Annotator "TA"]
[PlyCount "59"]
[EventDate "2019.01.01"]
[EventType "swiss"]
[EventCountry "USA"]
[SourceTitle "playchess.com"]
[Source "ChessBase"]
[SourceQuality "1"]

{[%evp 16,59,42,20,60,27,33,19,17,26,41,41,39,29,41,19,14,25,28,0,23,29,24,25,17,18,15,6,27,27,27,21,29,0,0,0,0,0,0,0,0,0,0,0,0,0]} 1. e4 c6 2. d4 d5 3. e5 Bf5 4. Nf3 e6 5. Be2 Ne7 6. c3 h6 7. O-O Nd7 8. Nbd2 {B12: Caro-Kann: Advance Variation} Qc7 (8... c5 9. dxc5 Nxc5 10. Nd4 Nd7 11. Nxf5 Nxf5 12. Bd3 Ne7 13. Nf3 Nc6 14. Re1 Qc7 15. Qe2 g5 {0-1 (50) Karjakin,S (2773)-Mamedyarov,S (2801) Saint Louis 2018}) 9. Re1 {LiveBook: 10 Games} Bh7 10. b4 $146 {White is slightly better.} ({Predecessor:} 10. Nb3 a5 11. a4 Nf5 12. Bd2 Be7 13. c4 O-O 14. cxd5 cxd5 15. Rc1 Qb6 {½-½ (61) Costa Trillo,V (2067)-Scheiba,M (2242) ICCF email 2012}) 10... a5 11. a4 Ng6 12. bxa5 Rxa5 13. Nb3 Ra8 14. h4 Ne7 15. h5 Nc8 16. a5 Be7 17. c4 dxc4 18. Bxc4 b6 {[%cal Rb6a5]} 19. a6 b5 20. Bd3 Bxd3 21. Qxd3 Ncb6 22. Re4 O-O 23. Rg4 Kh8 $1 24. Bxh6 gxh6 {The position is equal.} 25. Qe3 {[%cal Re3h6] [#]} Kh7 26. Qe4+ Kh8 {And now ...Nd5 would win.} 27. Qf4 {[%cal Rf4h6]} Kh7 {aiming for ...Nd5.} 28. Qe4+ $1 Kh8 {[#] Hoping for ...Nd5.} 29. Qe3 {[%cal Re3h6]} Kh7 30. Qe4+ {Precision: White = 61%, Black = 77%.} 1/2-1/2

[Event "Bay Area Open 2019"]
[Site "Burlingame"]
[Date "2019.01.06"]
[Round "8"]
[White "Quesada Perez, Yuniesky"]
[Black "Stukopin, Andrey"]
[Result "0-1"]
[WhiteElo "2642"]
[BlackElo "2565"]
[Annotator "TA"]
[PlyCount "120"]
[EventDate "2019.01.01"]
[EventType "swiss"]
[EventCountry "USA"]
[SourceTitle "playchess.com"]
[Source "ChessBase"]
[SourceQuality "1"]

{[%evp 18,120,19,17,31,29,45,38,66,56,91,93,137,143,149,147,146,135,143,134,132,114,117,117,114,115,134,137,143,123,139,134,114,81,131,89,124,133,121,81,144,154,148,69,68,59,66,0,0,0,0,0,0,0,0,0,0,-183,-134,-111,0,-135,-141,-207,-213,-214,-214,-141,-141,-158,-141,-145,-170,-162,-91,-91,-28,-91,-91,-349,-163,-220,-210,-198,-133,-135,-83,-166,-166,-936,-11,-11,0,-1110,-1082,-1187,-1074,-867,-867,-3172,-2209,-2842,-2344,-1981,-1640]} 1. e4 c5 2. Nf3 e6 3. d4 cxd4 4. Nxd4 Nc6 5. Nc3 Qc7 6. Be3 a6 7. a3 b5 8. Nxc6 Qxc6 9. Be2 Bb7 {B49: Sicilian: Taimanov: 5 Nc3 Qc7 6 Be3 a6 7 Be2} 10. O-O {LiveBook: 27 Games} Ne7 {[%cal Bg8e7,Be7f5,Bf5d4][%mdl 32]} (10... Rc8 11. Bd4 Qc7 12. Qd3 Nf6 13. f4 Be7 14. Bf3 O-O 15. e5 Ne8 16. f5 Bxf3 17. Rxf3 Qc4 18. Qd2 f6 19. exf6 Nxf6 20. Kh1 a5 21. Bxf6 Bxf6 22. Qxd7 exf5 23. Rxf5 Bxc3 {½-½ (23) Kobalia,M (2599)-Najer,E (2683) Batumi 2018}) 11. Qd2 Nf5 {White has an edge.} 12. Bf4 Bc5 13. Rad1 $146 ({Predecessor:} 13. Rfd1 Nd4 14. Bg4 d6 15. Be3 e5 16. Nd5 Kf8 17. Bh6 f6 18. Nxf6 {1-0 (18) Osipov,A (1708)-Crapulli,G (1611) LSS email 2012}) 13... Nd4 14. Bg4 O-O-O 15. Bh3 {Threatens to win with Be5.} f6 16. Be3 e5 17. Nd5 (17. Bxd4 $6 exd4 18. Nd5 Rhe8 $14) 17... Kb8 18. b4 (18. Bxd4 $6 Bxd4 19. c3 Bc5 $14) 18... Ba7 19. c3 (19. Bxd4 $6 Bxd4 20. c3 Ba7 $14) 19... Ne6 20. Bxa7+ Kxa7 21. Rfe1 {[%cal Bf1e1,Be1e3,Be3d3,Bd3d4][%mdl 32]} Kb8 22. Re3 Nf4 23. Nxf4 exf4 24. Rd3 Qxe4 25. Re1 (25. Rxd7 $6 Rxd7 26. Qxd7 Re8 $15) 25... Qc4 26. Rd4 (26. Rxd7 $6 Rxd7 27. Bxd7 Qc7 $11) 26... Qc7 27. Bxd7 ({Much worse is} 27. Rxf4 $6 Rhe8 $11) 27... f3 28. g3 h5 ({Black should play} 28... g5) 29. Re7 $1 $16 h4 30. g4 ({Don't blunder} 30. Rxh4 $2 Rxh4 31. gxh4 Bc6 $19) ({Of course not} 30. gxh4 $6 g5 $11) (30. Qe3 $16) 30... h3 $1 $14 31. Qe3 $1 g5 32. Bxb5 ({Better is} 32. a4 $1 $14) 32... Rxd4 $11 33. cxd4 Qc8 34. Bd7 Qc2 35. Bf5 Qd1+ 36. Qe1 Qxd4 37. Be4 $2 (37. Rd7 $11 {and White is okay.} Qc4 38. Rd3) 37... Bd5 38. Bf5 Rd8 (38... Bc6 $1 $17) 39. b5 (39. Rd7 $11 Rc8 40. Rxd5 Qxd5 41. Bxc8 Kxc8 42. Qe8+ Kc7 43. Qe7+ Qd7 44. Qxd7+ Kxd7 45. Kf1) 39... axb5 $17 40. Qa5 (40. Re3 $17) 40... Qd1+ $1 $40 {[%mdl 128] Black wants a kill.} 41. Re1 Bb7 42. Kf1 Qd6 43. Re6 Qc7 44. Qxc7+ Kxc7 $17 {[%mdl 4096] Endgame KRB-KRB} 45. Ke1 Bd5 ({Black should try} 45... Rd4 $1 $19 46. Rxf6 Bd5) 46. Re3 Ra8 (46... Bc6 $17) 47. Kd2 (47. Bc2 $1 $11 {remains equal.}) 47... Ra4 48. Be6 $2 {[%mdl 8192]} (48. Rd3 $17 {was necessary.} Kc6 49. Rc3+ Kd6 50. Rd3) 48... Be4 (48... Bxe6 $142 49. Rxe6 Rxg4 50. Rxf6 Rg2 51. Rf7+ Kd6) 49. Rb3 (49. Kc1 {keeps fighting.}) 49... Kd6 $19 50. Bc8 Bc6 (50... Rc4 $1 $19 {[%cal Rc4c8]} 51. Rc3 Rd4+ 52. Ke3 Ra4) 51. Bf5 Ke5 52. Re3+ (52. Ke3 $17 {is a better defense.}) 52... Kf4 53. Rb3 $2 {[#]} (53. Bc2 Rd4+ 54. Rd3) 53... Rd4+ $2 (53... Be4 $1 $19 {[%cal Re4f5]} 54. Bxe4 Rxe4) 54. Rd3 $1 $11 {[%cal Rd3d4]} Ra4 $2 {[%mdl 8192]} (54... Ke5 $11) 55. Rb3 $1 $19 {[#]} Be4 $1 {[%cal Re4f5] Black is clearly winning.} 56. Be6 Ra6 57. Bf7 Rd6+ 58. Kc1 Rc6+ 59. Kd2 Rc2+ 60. Ke1 Rc1+ {Accuracy: White = 51%, Black = 55%.} 0-1

[Event "Bay Area Open 2019"]
[Site "Burlingame"]
[Date "2019.01.06"]
[Round "8"]
[White "Prohaszka, Peter"]
[Black "Karthik Venkataraman"]
[Result "0-1"]
[WhiteElo "2613"]
[BlackElo "2515"]
[Annotator "TA"]
[PlyCount "90"]
[EventDate "2019.01.01"]
[EventType "swiss"]
[EventCountry "USA"]
[SourceTitle "playchess.com"]
[Source "ChessBase"]
[SourceQuality "1"]

{[%evp 29,90,32,58,59,61,60,108,95,135,72,84,21,31,40,36,27,33,27,35,21,30,-61,-39,-40,-45,-48,-65,-166,-184,-197,-195,-187,-197,-195,-188,-189,-182,-241,-230,-332,-322,-427,-409,-419,-415,-410,-408,-657,-661,-847,-824,-720,-587,-523,-500,-514,-491,-1406,-444,-992,-987,-834,-582]} 1. d4 {Dautov,R} Nf6 2. Nf3 g6 3. c4 Bg7 4. g3 O-O 5. Bg2 d6 6. O-O Nbd7 7. Nc3 e5 8. e4 exd4 9. Nxd4 Re8 10. h3 Nc5 11. Re1 Bd7 12. Rb1 h6 13. Kh2 a6 {E68: King's Indian: Fianchetto: 6...Nbd7 7 0-0 e5 8 e4} 14. b4 Ne6 15. Be3 Ng5 {[%cal Rg5e4] LiveBook: 3 Games. White is slightly better.} 16. f3 $1 Qc8 {[%cal Rd7h3]} 17. h4 Ngh7 $146 ({Predecessor:} 17... Ne6 18. Nd5 b5 19. Nxe6 Bxe6 20. Bxh6 Qd8 21. Bxg7 Kxg7 {½-½ (40) Kengis,E (2580)-Antonio,R (2490) Moscow 1994 CBM 045 [Dautov,R]}) 18. Qd2 g5 19. g4 (19. Rh1 $142) 19... Qd8 20. Nf5 ({White should play} 20. Rec1 $16) 20... Bxf5 $1 $11 21. exf5 {[%cal Rh4g5]} Nd7 22. hxg5 hxg5 23. Rbc1 Ne5 24. Ne4 {[%cal Re4g5]} b5 25. cxb5 ({White has to play} 25. Bxg5 $11 Nxg5 26. Nxg5) 25... axb5 26. Bxg5 (26. Nxg5 $2 Nc4 $19) 26... Nxg5 27. Qxg5 Rxa2 {aiming for ...Nxf3+.} 28. Qxd8 (28. Kg3 $15 Qxg5 29. Nxg5) 28... Rxd8 $19 29. Rf1 {[#]} Nd3 $1 30. Rcd1 Be5+ ({Don't take} 30... Nxb4 31. f6 $15) 31. Kh1 Nf4 ({Much less strong is} 31... Nxb4 32. f4 $17) 32. Rf2 {[#]} Ra4 $1 33. Rc2 (33. Rb1 {was necessary.}) 33... Kg7 ({Not} 33... Rxb4 34. Rxc7 d5 35. Rb7 $17) 34. Ng3 (34. Bf1 $142) 34... Rh8+ 35. Nh5+ Nxh5 36. gxh5 Rxh5+ 37. Kg1 Rxb4 38. Rxc7 (38. Kf1 $142) 38... Rb2 {Black is clearly winning.} 39. Kf1 Rh2 40. f4 Rhxg2 41. fxe5 Rbf2+ 42. Ke1 dxe5 43. Rd5 (43. Re7 $142) 43... Rxf5 (43... Rh2 $142 44. Rc3 Ra2 45. f6+ Kh6) 44. Rxb5 (44. Rb7 $142) 44... Ra2 {( -> ...Rh5)} 45. Rbb7 Kg6 {Precision: White = 36%, Black = 67%.} 0-1